• 首页
  • 本馆介绍
  • 公告通知
  • 最新文献
  • 馆藏检索
  • 电子资源
  • 读者导购
  • 参考咨询
  • 我的图书馆
  • 登录
  • 详细信息显示
  • 放入我的书架
  • 预约/预借图书
  • 作者相关作品
  • 分类相关作品
  • 丛书相关作品
  • 出版社相关作品

书目信息

  • 表格格式
  • 工作单格式
  • 卡片格式
题名:
经济体制改革若干理论问题论集
    
 
作者: ;中国经济体制改革研究会 编
分册:  
出版信息: 福州   福建人民出版社  1984
页数: 219页
开本: 21cm
丛书名:
单 册:
中图分类: F121 , F123.9
科图分类:
主题词: 经济体制改革--研究--中国 , 经济--中国
电子资源:
ISBN:
000 00788nam0 2200265 45
001 0184014233
005 20040427084307.7
010    @dCNY0.94
091    @a4173.43
100    @a19950428d1984 emky0chiy0121 ea
101 0  @achi
102    @aCN@b350000
105    @ay z 000yy
106    @ar
200 10 @a经济体制改革若干理论问题论集@Ajing ji ti zhi gai ge ruo gan li lun wen ti lun ji@f中国经济体制改革研究会编
210    @a福州@c福建人民出版社@d1984
215    @a219页@d21cm
606    @a经济体制改革@x研究@y中国
606 0  @a经济@x中国
690    @aF121@v3
690    @aF123.9
711 02 @a中国经济体制改革研究会@Azhong guo jing ji ti zhi gai ge yan jiu hui@4编
801  0 @aCN@b上海图书馆@c20040427
801  2 @aCN@bNLC@c20040427
905    @f2@b114518-519@dF123.9@e34
    
    经济体制改革若干理论问题论集/中国经济体制改革研究会编.-福州:福建人民出版社,1984
    219页;21cm
    
    
    ISBN :CNY0.94
    
●
相关链接 在E读中查询图书 在五车中查询图书 在当当中查询图书 在豆瓣中查询图书


正题名:经济体制改革若干理论问题论集     索取号:F123.9/34         预约/预借

序号 登录号 条形码 馆藏地/架位号 状态 备注
1 0114518   000196317   密集书库/ [索取号:F123.9/34] 在馆    
2 0114519   000196273   密集书库/ [索取号:F123.9/34] 在馆    
3 0114520   000195880   第一样本阅览室/ [索取号:F123.9/34] 在馆    
唐山师范学院图书馆 欢迎您!
大连网信软件有限公司© 版权所有